| 000 | 00989nas a2200313 4500 | ||
|---|---|---|---|
| 001 | BR2022000937 | ||
| 003 | BR-BrBNA | ||
| 005 | 20231205132323.0 | ||
| 007 | ta | ||
| 008 | 230509b bl.|||p| |||| 00| 00por d | ||
| 040 |
_aBR-BrBNA _bpor _cBiblioteca Nacional de Agricultura |
||
| 041 | _a(En) | ||
| 072 | _aH60; F03 | ||
| 100 | 1 | _aMaciel, C.D.G. | |
| 100 | 1 | _aOliveira Neto, A.M. | |
| 100 | 1 | _aGuerra, N. | |
| 100 | 1 | _aLeal, G.B. | |
| 100 | 1 | _aSilva, A.A.P. | |
| 100 | 1 | _aSoares, C.R.B. | |
| 100 | 1 | _aKarpinski, R.A.K. | |
| 245 | 1 | _aSelectivity of herbicide associations with chemical protector in the treatment of sweet sorghum hybrid seeds | |
| 650 | _aSORGHUM BICOLOR | ||
| 650 | _aMISTURA | ||
| 650 | _aHERBICIDA | ||
| 773 | 0 |
_tPlanta Daninha (Brazil) _xISSN 1806-9681 _g(2017), v. 35 p. 1-7 _wBR2022000937 |
|
| 856 | 4 | 0 | _uhttps://www.scielo.br/j/pd/a/xZnCXYB5WYhGM55ctBG66rd/?format=pdf lang=en |
| 909 |
_a202311 _bLúcia _c55 _dLúcia Elande |
||
| 942 |
_2AGRIS _n0 _cANA |
||
| 999 |
_c259683 _d259683 |
||